Oral and Maxillofacial Medicine : (Record no. 35284)

MARC details
000 -LEADER
fixed length control field 00542nam a22001817a 4500
005 - DATE AND TIME OF LATEST TRANSACTION
control field 20240307160136.0
008 - FIXED-LENGTH DATA ELEMENTS--GENERAL INFORMATION
fixed length control field 240307b |||||||| |||| 00| 0 eng d
020 ## - INTERNATIONAL STANDARD BOOK NUMBER
ISBN 9780702049484
082 ## - DEWEY DECIMAL CLASSIFICATION NUMBER
Classification number 616.31
Item number SCU-O
100 ## - MAIN ENTRY--AUTHOR
Author Name Scully, Crispian
245 ## - TITLE STATEMENT
Title Oral and Maxillofacial Medicine :
Remainder of title the basis of diagnosis and treatment /
Statement of responsibility, etc. Crispian Scully
250 ## - EDITION STATEMENT
Edition statement 3rd ed .
260 ## - PUBLICATION, DISTRIBUTION, ETC.
Place of Publication China :
Name of publisher, distributor, etc. Elsevier ;
Date of publication, distribution, etc. 2013 .
300 ## - PHYSICAL DESCRIPTION
Pages xi , 435 p. :
500 ## - GENERAL NOTE
General note include index .
650 ## - SUBJECT ADDED ENTRY--TOPICAL TERM
Subject / Department Medical / Dentistry
300 ## - PHYSICAL DESCRIPTION
-- ill ;
-- 28 cm .
952 ## - LOCATION AND ITEM INFORMATION (KOHA)
-- 0
-- 0
952 ## - LOCATION AND ITEM INFORMATION (KOHA)
-- 0
-- 0
Holdings
Lost status Damaged status Collection code Permanent Location Current Location Shelving Location Date acquired Full Call Number Accession No./Barcode Date last seen Copy number item type Koha item type
    Medical Superior Information Resource Center (SIRC) Superior University- Main Campus Superior Information Resource Center (SIRC) Superior University- Main Campus Dentistry 03/07/2024 616.31 SCU-O 2013 13313 03/07/2024 1 BOOK BOOK
    Medical Superior Information Resource Center (SIRC) Superior University- Main Campus Superior Information Resource Center (SIRC) Superior University- Main Campus Dentistry 03/07/2024 616.31 SCU-O 2013 13314 03/07/2024 2 BOOK BOOK

Powered by Koha